书目信息 |
| 题名: |
天体力学和天文动力学
|
|
| 作者: | 郑学塘 , 倪彩霞 编著 | |
| 分册: | ||
| 出版信息: | 北京 北京师范大学出版社 1989.10 |
|
| 页数: | 465页 | |
| 开本: | 19cm | |
| 丛书名: | ||
| 单 册: | ||
| 中图分类: | P13 | |
| 科图分类: | ||
| 主题词: | 天体力学 | |
| 电子资源: | ||
| ISBN: | 7-303-00598-6 | |
| 000 | 00642nam0 2200217 45 | |
| 001 | 0405201607 | |
| 005 | 20040706113343.2 | |
| 010 | @a7-303-00598-6@dCNY3.55 | |
| 100 | @a20040520d1989 km y0chiy0120 ea | |
| 101 | 0 | @achi |
| 105 | @a z 000yy | |
| 200 | 1 | @a天体力学和天文动力学@ATian Ti Li Xue He Tian Wen Dong Li Xue@f郑学塘,倪彩霞编著@FZheng Xue Tang,Ni Cai Xia Bian Zhu |
| 210 | @a北京@c北京师范大学出版社@d1989.10 | |
| 215 | @a465页@d19cm | |
| 300 | @a高等学校教学用书 | |
| 606 | 0 | @a天体力学 |
| 690 | @aP13@v3 | |
| 701 | 0 | @a郑学塘@4编著 |
| 701 | 0 | @a倪彩霞@4编著 |
| 801 | @aCN@bPftUser@c20040520 | |
| 905 | @dP13@e69@b240079@f1 | |
| 天体力学和天文动力学/郑学塘,倪彩霞编著.-北京:北京师范大学出版社,1989.10 |
| 465页;19cm |
| 高等学校教学用书 |
| ISBN 7-303-00598-6:CNY3.55 |
| ● |
| 相关链接 |
|
|
|
|
正题名:天体力学和天文动力学
索取号:P13/69
 
预约/预借
| 序号 | 登录号 | 条形码 | 馆藏地/架位号 | 状态 | 备注 |
| 1 | 0240076 | 000628878 | 第三借阅区/ [索取号:P13/69] | 在馆 | |
| 2 | 0240077 | 000628930 | 第三借阅区/ [索取号:P13/69] | 在馆 | |
| 3 | 0240078 | 000628887 | 第三借阅区/ [索取号:P13/69] | 在馆 | |
| 4 | 0240079 | 001930414 | 第三借阅区/ [索取号:P13/69] | 在馆 | |
| 5 | 0240080 | 000628896 | 第二样本阅览室/ [索取号:P13/69] | 在馆 |